El teatro, espectáculo literario (Record no. 139412)

MARC details
000 -LEADER
campo de control de longitud fija 00659nam a2200193 4500
001 - NÚMERO DE CONTROL
campo de control 139412
003 - IDENTIFICADOR DE NÚMERO DE CONTROL
campo de control ES-MaACL
005 - FECHA Y HORA DE LA ÚLTIMA TRANSACCIÓN
campo de control 20250824202235.0
007 - CAMPO FIJO DE DESCRIPCIÓN FÍSICA--INFORMACIÓN GENERAL
campo de control de longitud fija t|
008 - DATOS DE LONGITUD FIJA--INFORMACIÓN GENERAL
campo de control de longitud fija 070214q1930 sp r ||||1| spa d
100 1# - ENTRADA PRINCIPAL--NOMBRE DE PERSONA
Nombre de persona Sassone, Felipe.
9 (RLIN) 103913
245 13 - MENCIÓN DEL TÍTULO
Título El teatro, espectáculo literario
Resto del título : (breve ensayo sobre el teatro antiguo y moderno) /
Mención de responsabilidad, etc. Felipe Sassone.
260 ## - PUBLICACIÓN, DISTRIBUCIÓN, ETC.
Lugar de publicación, distribución, etc. Madrid :
Nombre del editor, distribuidor, etc. Compañía Ibero-Americana de publicaciones,
Fecha de publicación, distribución, etc. [1930?]
300 ## - DESCRIPCIÓN FÍSICA
Extensión 62 p. ;
Dimensiones 18 cm.
490 1# - MENCIÓN DE SERIE
Mención de serie Col. el libro del pueblo ;
Designación de volumen o secuencia 18
830 00 - PUNTO DE ACCESO ADICIONAL DE SERIE-TÍTULO UNIFORME
Título uniforme Colección el libro del pueblo
Designación de volumen o secuencia 18
9 (RLIN) 220225
852 ## - LOCALIZACIÓN
Ubicación ES-MaACL
Número de control de estantería 1872-F-8
Sublocalización o colección R.24121
Holdings
Estatus retirado Estado de pérdida Estado de daño No para préstamo Colección Biblioteca de origen Biblioteca actual Ubicación en estantería Fecha de adquisición Fuente de adquisición Total de préstamos Signatura topográfica completa Código de barras Visto por última vez Precio de reemplazo Tipo de ítem Koha
        Colección de folletos Biblioteca del Ateneo de Madrid Biblioteca del Ateneo de Madrid Depósito folletos 17/01/2008     1872-F-8 1145080 23/02/2023 23/02/2023 Folleto